000 00626nam a2200229Ia 4500
003 OSt
005 20220928115635.0
006 a|||||r|||| 00| 0
007 ta
008 220927b |||||||| |||| 00| 0 eng d
024 _a57481
037 _cTextual
040 _aSDCL
_cSDCL
_beng
041 _2eng
_aeng
082 _aY31.2'N7, N1
100 _aTayal Praphul Chander
_9445276
245 0 _aGarameen bharat me samajik satarikan
260 _aNew Delhi
_bRadha Publications
_c1991
300 _axi,284p
_ccm.
942 _hY31.2'N7, N1
_cTEXL
_2CC
999 _c760248
_d760248